000 02301cam a22005054i 4500
003 PE-LiUPU
005 20250731180111.0
008 150623s1999 pe a r 000 0 sp d
035 _a(Sirsi) a23678
040 _aPE-LiUPU
_bspa
_cPE-LiUPU
_erda
082 0 4 _a530.76
_bR44
_221
100 1 _aResnick, Robert,
_eautor.
245 1 0 _aFisica I :
_bsolucionario /
_cRobert Resnick.
264 1 _aLima :
_bSan Marcos,
_c1999.
300 _a527 páginas :
_bilustraciones, gráficos ;
_c22 cm.
336 _atext
_2rdacontent
337 _aunmediated
_2rdamedia
338 _avolume
_2rdacarrier
505 0 _aVectores. -movimiento de una dimension. -movimiento en un plano. -Dinámica de partículas. -Trabajo y energía. -La conservación de la energía. -Conservación de la cantidad de movimiento lineal. -Choques. -Cinmematica de rotación. -Dinámica de movimiento de rotación. -Equilibrio de los cuerpos rigidos. -Oscilación. -Gravitación. -Estática de los fluidos. -Ondas en medios elasticos. -ondas sonoras. -temperatura. -El calor y la primera ley de la termodinamica. -Teoria cinetica de los gases. -Entropía y la segunda ley de la termodinámica.
526 _aSEG44
526 _aSEG26
526 _aP159
526 _aP155
526 _aP154
526 _aP153
526 _aP150
526 _aP100
526 _aP31
526 _aP30
526 _aP26
526 _aP25
526 _aP24
526 _aP22
526 _aP15
526 _aP10
650 0 4 _aFísica.
942 _2ddc
_cBOOK
949 _a530.76 R44
_wDEWEY
_c1
_i48954
_lCCODEBUL1
_mBUL
_p00.00
_r0
_sY
_tBOOK
_u2015-06-24
_xINGENIERIA
_zUNKNOWN
_0COMPRA
_o.STAFF. Colección General
949 _a530.76 R44
_wDEWEY
_c2
_i47910
_lCCODEBUL1
_mBUL
_p00.00
_r0
_sY
_tBOOK
_u2015-06-24
_xINGENIERIA
_zUNKNOWN
_0COMPRA
_o.STAFF. Colección General
596 _a1
999 _a530.76 R44
_wDEWEY
_c24382
_i48954
_d24382
_e2018-11-13
_f2019-12-11
_g6
_lDISCARD
_mBUL
_n5
_p40.00
_q2
_r1
_sY
_tBOOK
_u2015-6-24
_xINGENIERIA
_zUNKNOWN
_0COMPRA
_o.STAFF. Colección General
999 _a530.76 R44
_wDEWEY
_c2
_i47910
_d2020-1-19
_e2020-1-15
_f2021-11-5
_g7
_lCCODEBUL1
_mBUL
_n3
_q1
_r0
_sN
_tBOOK
_u2015-6-24
_xBIBLIOTECA
_zUNKNOWN
_0COMPRA
_o.STAFF. Colección General
980 _81
_gALBERTO SANCHEZ Responsable de Automatización